000 00330nam a22001457a 4500
008 221007b ||||| |||| 00| 0 eng d
020 _a9780071105095
041 _aeng
080 _2TENTH EDITION
_a618
082 _a618
100 _a15.2
101 _aGINE
245 _aOBSTETRICS&GYNECOLOGY
_cDECHERNEY A
942 _2udc
_cBK
999 _c58419
_d58419